Statistics for General Knowledge 7

Click here to take the quiz!

General Stats

  • This quiz has been taken 60 times
  • The average score is 8 of 15

Answer Stats

HintAnswer% Correct
What is the largest sand desert in the world?Sahara
91%
How many moons does Mars have?2
88%
How many stripes are there on the US flag?13
84%
What type of nut is used in Nutella?Hazelnut
79%
How many points is the letter X worth in Scrabble?8
75%
Who was superman's girlfriend?Lois Lane
75%
What scale is used to measure the strength of earthquakes?Richter
74%
In what sport to players aim to slide stones along ice towards a target area?Curling
72%
What fibre is raw denim made from?Cotton
49%
Which king signed the Magna Carta?John
47%
What according to the Hitchikers Guide to the Galaxy is the answer to life the universe and everything?42
37%
What battle in Montana was known as Custer's last stand?Little bighorn
37%
What day is celebrated on the 6th January?Epiphany
19%
How many goals did Alan Shearer score in the premier league?260
7%
What metal ion gives plants their green colour?Magnesium
7%

Score Distribution

Percentile by Number Answered

Percent of People with Each Score

Your Score History

You have not taken this quiz